Ozeanien und Australien (Record no. 9298)

MARC details
000 -CABECERA
campo de control de longitud fija 00898nam a2200265 a 4500
001 - NÚMERO DE CONTROL
campo de control BRL_486
005 - FECHA Y HORA DE LA ÚLTIMA TRANSACCIÓN
campo de control 20190320210750.0
008 - DATOS DE LONGITUD FIJA--INFORMACIÓN GENERAL
campo de control de longitud fija 200813s1961----gw-abo####---#000-0#ger-#
041 ## - CÓDIGO DE LENGUA
Código de lengua del texto/banda sonora o título independiente ger
044 ## - CÓDIGO DEL PAÍS DE LA ENTIDAD EDITORA/PRODUCTORA
Código MARC del país gw
050 #4 - SIGNATURA TOPOGRÁFICA DE LA BIBLIOTECA DEL CONGRESO
Número de clasificación N5305
Número de documento/Ítem .K86 3 1961
100 1# - ENTRADA PRINCIPAL--NOMBRE DE PERSONA
Nombre de persona Bühler, Alfred
9 (RLIN) 24070
245 10 - MENCIÓN DE TÍTULO
Título Ozeanien und Australien
Resto del título Die kunst der Südsee
Mención de responsabilidad, etc. Von Alfred Bühler, Terry Barrow, Charles P. Mountford
260 ## - PUBLICACIÓN, DISTRIBUCIÓN, ETC.
Lugar de publicación, distribución, etc. Germany
Nombre del editor, distribuidor, etc. Holle-Verlag Baden-Baden
Fecha de publicación, distribución, etc. 1961
300 ## - DESCRIPCIÓN FÍSICA
Extensión 264 p.
Otras características físicas il. (algunas a color)
Dimensiones 23 cm.
440 #0 - MENCIÓN DE SERIE/PUNTO DE ACCESO ADICIONAL--TÍTULO
Título Kunst der Welt; ihre geschichtlichen, soziologischen und religiösen Grundlagen
Nombre de parte o sección de la obra Die aussereuropäischen Kulturen
Designación de volumen o secuencia 3
9 (RLIN) 24071
500 ## - NOTA GENERAL
Nota general Au514
650 14 - PUNTO DE ACCESO ADICIONAL DE MATERIA--TÉRMINO DE MATERIA
Término de materia o nombre geográfico como elemento de entrada Arte
Subdivisión geográfica Oceanía
9 (RLIN) 24072
650 14 - PUNTO DE ACCESO ADICIONAL DE MATERIA--TÉRMINO DE MATERIA
Término de materia o nombre geográfico como elemento de entrada Arte
Subdivisión geográfica Australia
9 (RLIN) 24073
650 14 - PUNTO DE ACCESO ADICIONAL DE MATERIA--TÉRMINO DE MATERIA
Término de materia o nombre geográfico como elemento de entrada Arte primitivo
9 (RLIN) 7001
700 1# - PUNTO DE ACCESO ADICIONAL--NOMBRE DE PERSONA
Nombre de persona Barrow, Terry
9 (RLIN) 24074
700 1# - PUNTO DE ACCESO ADICIONAL--NOMBRE DE PERSONA
Nombre de persona P. Mountford, Charles
9 (RLIN) 24075
902 ## - CATALOGADOR
Iniciales GRL
942 ## - ELEMENTOS DE PUNTO DE ACCESO ADICIONAL (KOHA)
Fuente del sistema de clasificación o colocación Library of Congress Classification
Tipo de ítem Koha Libros
Holdings
Estado de retiro Estado de pérdida Estado dañado No para préstamo Localización permanente Ubicación/localización actual Fecha de adquisición Número de inventario Total de préstamos Signatura topográfica completa Código de barras Fecha visto por última vez Precio válido a partir de Tipo de ítem Koha
El ejemplar forma parte de la colección y puede ser consultado según las políticas vigentes.       Biblioteca Centro de Estudios Ruth D. Lechuga Biblioteca Centro de Estudios Ruth D. Lechuga 20/08/2013 Au514   N5305 .K86 3 1961 (Au514) GRL00535 22/03/2019 22/03/2019 Libros